[Event "NED-ch"]
[Site "Hilversum NED"]
[Date "1987.06.18"]
[EventDate "?"]
[Round "8"]
[Result "1/2-1/2"]
[White "Jeroen Vanheste"]
[Black "John van der Wiel"]
[WhiteElo "2290"]
[BlackElo "2590"]
[PlyCount "40"]

1. d4 Nf6 2. c4 e6 3. g3 Bb4+ 4. Bd2 Be7 5. Bg2 d5 6. Nf3 O-O
7. O-O c6 8. Qb3 Ne4 9. Bf4 Nd7 10. Nc3 g5 11. Be3 Nd6
12. cxd5 cxd5 13. Rfd1 Nc4 14. Bc1 f5 15. Ne5 Na5 16. Qc2 Kg7
17. b3 Nb6 18. Bb2 Bd7 19. e3 Be8 20. f3 Nc6 1/2-1/2